কড়ি দিয়ে কিনলাম / (Record no. 38486)
[ view plain ]
| 000 -LEADER | |
|---|---|
| fixed length control field | 00782nam a2200217 4500 |
| 001 - CONTROL NUMBER | |
| control field | 38486 |
| 003 - CONTROL NUMBER IDENTIFIER | |
| rucl marc code | BD-RjUL |
| 005 - DATE AND TIME OF LATEST TRANSACTION | |
| control field | 20211209052815.0 |
| 008 - FIXED-LENGTH DATA ELEMENTS--GENERAL INFORMATION | |
| fixed length control field | 151219s1964 ii |||| |||| 000 f ben d |
| 035 ## - SYSTEM CONTROL NUMBER | |
| System control number | (BD-RjUL)38591 |
| 040 ## - CATALOGING SOURCE | |
| Original cataloging agency | BD-RjUL |
| Language of cataloging | ben |
| Transcribing agency | BD-RjUL |
| 041 ## - LANGUAGE CODE | |
| Language code of text/sound track or separate title | ben |
| 082 ## - DEWEY DECIMAL CLASSIFICATION NUMBER | |
| Classification number | 891.443 |
| Author mark and year | MIK 1964 |
| 100 ## - MAIN ENTRY--PERSONAL NAME | |
| Personal name | মিত্র, বিমল. |
| 9 (RLIN) | 112219 |
| 245 ## - TITLE STATEMENT | |
| Title | কড়ি দিয়ে কিনলাম / |
| Statement of responsibility, etc. | বিমল মিত্র. |
| Number of part/section of a work | ২য় খণ্ড |
| 260 ## - PUBLICATION, DISTRIBUTION, ETC. (IMPRINT) | |
| Place of publication, distribution, etc. | কলিকাতা : |
| Name of publisher, distributor, etc. | মিত্র ও ঘোষ, |
| Date of publication, distribution, etc. | ১৯৬৪ |
| 300 ## - PHYSICAL DESCRIPTION | |
| Pagination | ৬৪০ পৃ. ; |
| Size | ২২ সেমি. |
| 650 ## - SUBJECT ADDED ENTRY--TOPICAL TERM | |
| Topical term or geographic name as entry element | বাংলা সাহিত্য |
| 9 (RLIN) | 112220 |
| Form subdivision | উপন্যাস |
| Topical term or geographic name as entry element | Bengali Literature |
| 9 (RLIN) | 112221 |
| Form subdivision | Novels |
| 942 ## - ADDED ENTRY ELEMENTS (KOHA) | |
| Source of classification or shelving scheme | Dewey Decimal Classification |
| Koha item type | Books |
| Lost status | Source of classification or shelving scheme | Damaged status | Not for loan | Collection code | Permanent Location | Current Location | Shelving location | Date acquired | Source of acquisition | Cost, normal purchase price | Total Checkouts | Full call number | Date last seen | Date checked out | Copy number | Koha item type |
|---|---|---|---|---|---|---|---|---|---|---|---|---|---|---|---|---|
| Dewey Decimal Classification | Fiction | Central Library, University of Rajshahi | Central Library, University of Rajshahi | 25/08/1964 | URDU, Library, | 20.00 | 2 | B 891.443 MIK V-2 1964 | 25/07/2019 | 07/07/2019 | C-3 | Books | ||||
| Dewey Decimal Classification | Fiction | Central Library, University of Rajshahi | Central Library, University of Rajshahi | 25/08/1964 | URDU, Library, | 20.00 | B 891.443 MIK V-2 1964 | 09/02/2016 | C-2 | Books |